सीढियों पर सपने/ (Record no. 204099)

MARC details
000 -LEADER
fixed length control field 00862nam a22002057a 4500
005 - DATE AND TIME OF LATEST TRANSACTION
control field 20240718155747.0
010 ## - LCCN (DPL NO)
LC control number HIN-127995
020 ## - INTERNATIONAL STANDARD BOOK NUMBER
Terms of availability 400.0
International Standard Book Number 9788193804445
035 ## - SYSTEM CONTROL NUMBER
System control number HN-100341
037 ## - SOURCE OF ACQUISITION
Source of stock number/acquisition DBAD
082 ## - DEWEY DECIMAL CLASSIFICATION NUMBER
Classification number
100 ## - MAIN ENTRY--PERSONAL NAME
Personal name अनुरागी, अजय
245 ## - TITLE STATEMENT
Title सीढियों पर सपने/
Remainder of title अजय अनुरागी
250 ## - EDITION STATEMENT
Edition statement 1
260 ## - PUBLICATION, DISTRIBUTION, ETC. (IMPRINT)
Place of publication, distribution, etc जयपुर
Name of publisher, distributor, etc मंथन पब्लिकेशन
Date of publication, distribution, etc 2021
270 ## - ADDRESS
Address 1926, गीतांजलि अपार्टमेंट, पहली मंज़िल, नाटानियों का रास्ता
City जयपुर
Postal code 302003
Telephone number 0141-2315072
Electronic mail address panchsheelprakashan@gmail.com
300 ## - PHYSICAL DESCRIPTION
Extent 150पृ.
Dimensions 23 सेमी. (सजिल्द)
650 ## - SUBJECT ADDED ENTRY--TOPICAL TERM
Topical term or geographic name as entry element हिन्दी
942 ## - ADDED ENTRY ELEMENTS (KOHA)
Source of classification or shelving scheme Dewey Decimal Classification
Item type Hindi Books
Classification part
Call number suffix अनुरा
Holdings
Withdrawn status Lost status Not for loan Collection code Home library Current library Date acquired Source of acquisition Cost, normal purchase price Full call number Barcode Copy number Cost, replacement price Koha item type
      Fiction Central Jail Tihar Central Jail Tihar 12/07/2024 DBAD 400.00 उ अनुरा HN-100341 1 400.00 Hindi Books

© Delhi Public Library
Hit Counter
free hit counter